Chân dung và tác phẩm /

Đây là cuốn sách tập hợp 1 số bài viết trong thời gian gần đây của Giáo sư về các nhà văn, nghệ sĩ cao niên vốn là những người cùng thời với ông, về 1số tác phẩm.

Wedi'i Gadw mewn:
Manylion Llyfryddiaeth
Prif Awdur: Hoàng Như Mai.
Fformat: Llyfr
Iaith:Vietnamese
Cyhoeddwyd: Hà Nội : Giáo dục, 1999.
Pynciau:
Tagiau: Ychwanegu Tag
Dim Tagiau, Byddwch y cyntaf i dagio'r cofnod hwn!
Thư viện lưu trữ: Mạng thư viện Đại học Đà Nẵng
LEADER 00998cam a2200325 i 4500
001 000046795
003 6303
005 20040525101008.0
008 010306b1999 vm 000 vie
020 |c 17500 
040 |a IRC  |c IRC  |d IRC 
041 0 |a vie 
082 1 4 |a 895.9283  |b HO-M 
100 1 |a Hoàng Như Mai. 
245 0 0 |a Chân dung và tác phẩm /  |c Hoàng Như Mai. 
260 |a Hà Nội :  |b Giáo dục,  |c 1999. 
300 |a 267tr. ;  |c 19cm. 
520 3 |a Đây là cuốn sách tập hợp 1 số bài viết trong thời gian gần đây của Giáo sư về các nhà văn, nghệ sĩ cao niên vốn là những người cùng thời với ông, về 1số tác phẩm. 
630 0 4 |a Văn học Việt. 
650 0 4 |a Văn học Việt. 
OWN |a DUT 
999 |a From the UDN01 
TYP |a Monograph 
TYP |a Printed language 
980 |a Mạng thư viện Đại học Đà Nẵng